Bebidas por país - Statistics

Estatísticas Gerais
  • Esse quiz foi jogado 211 vezes
  • A pontuação média é 11 de 15
Estatísticas das Respostas
Hint Resposta % Correto
Caipirinha Brasil
100%
Champanhe França
97%
Saquê Japão
97%
Vinho do Porto Portugal
97%
Vodka Rússia
97%
Cerveja Alemanha
96%
Tequila México
91%
Mate Argentina
79%
Sangria Espanha
78%
Prosecco Itália
78%
Pisco Peru
54%
Uísque Escócia
51%
Cerveja chang Tailândia
44%
Ouzu Grécia
39%
Chicha Bolívia
33%
Nenhum quiz correspondente encontrado
Distribuição das Pontuações
Porcentagem de Pessoas com Cada Pontuação
Percentil de Números Respondidos
Sua Pontuação Histórica
Você não jogou esse quiz